Zmluva o založení Európskeho spoločenstva - základná právna úprava verejných financií Európskej únie bakalárska práca

Salvato in:
Dettagli Bibliografici
Autore principale: Vavreková, Zuzana
Ente Autore: Národohospodárska fakulta EU. Katedra financií
Altri autori: Hocman, František, 1983-
Natura: Libro
Lingua:slovacco
Pubblicazione: Bratislava 2010
Tags: Aggiungi Tag
Nessun Tag, puoi essere il primo ad aggiungerne!!

MARC

LEADER 00000nbm a2200000 4500
001 0133179
005 20161109111511.8
041 0 |a slo 
044 |a SK 
245 1 0 |a Zmluva o založení Európskeho spoločenstva - základná právna úprava verejných financií Európskej únie  |b bakalárska práca  |c Zuzana Vavreková ; školiteľ: František Hocman 
264 1 |a Bratislava  |c 2010 
300 |a 43 s. 
100 1 |a Vavreková, Zuzana 
700 1 |a Hocman, František, 1983- 
710 2 |a Národohospodárska fakulta EU. Katedra financií